000 00517nam a2200133Ia 4500
005 20260209120149.0
008 260209s9999||||xx |||||||||||||| ||und||
100 _aK K Prahalad
245 0 _aPrecision guided munitions and state responsibility : a legal analysis
260 _aBangaloreBangalore
_bNLSIU, Bangalore
_c2023 - 2024
300 _a33 p. ; 25 cm.
700 _aProf. Dr. Govindraj G. Hegde - SupervisorProf. Dr. Govindraj G. Hegde - Supervisor
856 _uhttps://dans.nls.ac.in/handle/123456789/2180
999 _c217669
_d217669